000 00856nas a2200277 4500
001 BR0800843
003 BR-BrBNA
005 20231205111607.0
007 ta
008 230509b bl.|||p| |||| 00| 00por d
040 _aBR-BrBNA
_bpor
_cBiblioteca Nacional de Agricultura
041 _a(Pt)
072 _aL73
100 1 _aAvila, F.A.
100 1 _aFerreira, M. das D.
100 1 _aSilva, E.N. da
245 1 _aSalmonella em carcaças de aves manipuladas nos abatedouros de Belo Horizonte
650 _aAVE
650 _aFRIGORÍFICO
650 _aCARCAÇA
650 _aSALMONELLA
650 _aBELO HORIZONTE
773 0 _tArquivos da Escola de Veterinária da Universidade Federal de Minas Gerais (Brazil)
_xISSN 03650-8384
_g(1974), v. 26(2) p. 211-214
_wBR0800843
909 _a202311
_bLúcia
_c55
_dLúcia Elande
942 _2AGRIS
_n0
_cANA
999 _c193453
_d193453